Szczegóły MARC21

Socjomotoryka jako przejaw synergii społecznej - paradygmat i egzemplifikacja /

003 -Nazwa inst., której nr kontr. jest w polu 001 [,]
    • @
    • Nazwa instytucji, której n kontrolny jest w polu 001
    • NUKAT
005 -DATA I CZAS OSTATNIEJ MODYFIKACJI [,]
    • @
    • pole kontrolne
    • 20241231112311.0
020 -Międzynarod. znormalizowany nr książki - ISBN [ , ]
    • a
    • Numer ISBN
    • 9788393391844 Find
040 -Instytucja sporządzająca opis [ , ]
    • a
    • Instytucja, która sporządziła opis (NP)
    • WR 99/AS
    • c
    • Instytucja, która sporządziła rekord (NP)
    • WR 99/AS
    • d
    • Instytucja, która zmodyfikowała rekord (P)
    • SZCZ U/MLs
942 -Rodzaj dokumentu [ , ]
    • c
    • Rodzaj dokumentu
    • Książka
100 -Hasło główne - nazwa osobowa [1, ]
    • a
    • Nazwa osobowa (NP)
    • Panfil, Ryszard
    • d
    • Daty biograficzne (NP)
    • (1958- ).
    • 9
    • KHW
    • 66501
245 -Strefa tytułu i oznaczenia odpowiedzialności [1,0]
    • a
    • Tytuł
    • Socjomotoryka jako przejaw synergii społecznej - paradygmat i egzemplifikacja / Find
    • c
    • Pozostałe elementy strefy tytułu i oznaczenia odpowiedzialności (NP)
    • Ryszard Panfil.
260 -Strefa adresu wydawniczego [ , ]
    • a
    • Miejsce wydania (P)
    • Wrocław :
    • b
    • Nazwa wydawcy (P)
    • Wyższa Szkoła Zarządzania i Coachingu,
    • c
    • Data wydania (P)
    • 2017.
300 -Strefa opisu fizycznego [ , ]
    • a
    • Określenie formy książki i/lub objętość (NP)
    • 160 s. :
    • b
    • Oznaczenie ilustracji (NP)
    • il. ;
    • c
    • Format (NP)
    • 24 cm.
336 -Typ zawartości [ , ]
    • a
    • Termin opisujący typ zawartości
    • Tekst
    • b
    • Kod określający zawartość
    • txt
    • 2
    • Źródło (terminu i kodu)
    • rdacontent
337 -Typ mediów [ , ]
    • a
    • Tryb odtwarzania
    • Bez urządzenia pośredniczącego
    • b
    • Kod typu mediów
    • n
    • 2
    • Źródło (terminu i kodu)
    • rdamedia
338 -Typ/rodzaj nośnika [ , ]
    • a
    • Hasło opisujące typ nośnika
    • Wolumin
    • b
    • Kod typu nośnika
    • nc
    • 2
    • Źródło (terminu i kodu)
    • rdacarrier
490 -Strefa serii i książki wielotomowej - forma nie do wyszukiwania [1, ]
    • a
    • Tytuł (P)
    • Studia i Monografie / Wyższa Szkoła Zarządzania i Coachingu Find
830 -Hasło dodatkowe serii i opisu książki wielotomowej - tytuł ujednolicony/tytuł [ ,0]
    • a
    • Tytuł ujednolicony/tytuł (NP)
    • Studia i Monografie - Wyższa Szkoła Zarządzania i Coachingu
    • 9
    • KHW
    • 431367
504 -Uwaga dot. bibliogr. załącznikowej [ , ]
    • a
    • Uwaga dot. bibliografii załącznikowej
    • Bibliogr. s. 157-160.
650 -Hasło przedmiotowe [ ,7]
    • a
    • Hasło przedmiotowe
    • Motoryka
    • x
    • Określnik rzeczowy
    • aspekt społeczny.
    • 2
    • Źródło terminu
    • kaba
    • 9
    • KHW
    • 433807
650 -Hasło przedmiotowe [ ,7]
    • a
    • Hasło przedmiotowe
    • Prakseologia.
    • 2
    • Źródło terminu
    • kaba
    • 9
    • KHW
    • 125594
650 -Hasło przedmiotowe [ ,7]
    • a
    • Hasło przedmiotowe
    • Psychologia społeczna.
    • 2
    • Źródło terminu
    • kaba
    • 9
    • KHW
    • 192308
710 -Hasło dodatkowe - nazwa ciała zbiorowego [2, ]
    • a
    • Nazwa ciała zbiorowego lub nazwa geograficzna jako pierwszy element (NP)
    • Wyższa Szkoła Zarządzania i Coachingu.
    • 4
    • Kod relacji
    • pbl
    • 9
    • KHW
    • 66502
920 -ISBN [ , ]
    • a
    • ISBN
    • 978-83-933918-4-4 Find
Data inwentaryzacji Status udost. Lokalizacja Sygnatura Numer inwentarzowy
2017-10-201BMSocjologia kultury fizycznej 18WF.10072